| 000 | 00329nam a2200121Ia 4500 | ||
|---|---|---|---|
| 008 | 230907s9999||||xx |||||||||||||| ||und|| | ||
| 082 |
_a1.42 _bWIL |
||
| 100 |
_aWillis, Jerry, _9115939 |
||
| 245 | 0 | _aFoundations of qualitative research : | |
| 260 |
_aSage Publications, _bThousand Oaks : _c2007 |
||
| 300 | _ap. cm. | ||
| 942 | _cBK | ||
| 999 |
_c600284 _d600284 |
||